Guess the 1960s song lyrics #73 - Statistics

General Stats
  • This quiz has been taken 21 times
  • The average score is 154 of 278
Answer Stats
Answer % Correct
a
85%
A
85%
on
85%
the
85%
The
85%
and
80%
And
80%
He
80%
he
80%
men
80%
of
80%
Of
80%
In
75%
in
75%
that
75%
That
75%
Baron
70%
had
70%
his
70%
Red
70%
Snoopy
70%
down
65%
man
65%
out
65%
plan
65%
to
65%
Up
65%
up
65%
for
60%
him
60%
or
60%
So
60%
was
60%
But
55%
but
55%
get
55%
more
55%
plane
55%
sky
55%
time
55%
war
55%
bloody
50%
Bloody
50%
Came
50%
German
50%
Germany
50%
Now
50%
over
50%
shot
50%
von
50%
again
45%
blue
45%
clear
45%
flew
45%
have
45%
Like
45%
run
45%
score
45%
sight
45%
skies
45%
with
45%
battle
40%
died
40%
dog
40%
got
40%
Great
40%
he'd
40%
once
40%
Richthofen
40%
Ten
40%
ten
40%
they're
40%
tried
40%
big
35%
century
35%
challenged
35%
dogfight
35%
Eighty
35%
eighty
35%
end
35%
everything
35%
fifty
35%
forty
35%
into
35%
lookin
35%
name
35%
never
35%
nick
35%
real
35%
thirty
35%
twenty
35%
twice
35%
After
30%
arose
30%
asked
30%
Curses
30%
fired
30%
hero
30%
new
30%
Pumpkin
30%
roar
30%
rollin
30%
sound
30%
tryin
30%
turn
30%
Well
30%
went
30%
bird
25%
black
25%
buried
25%
countryside
25%
foiled
25%
funny
25%
heard
25%
nose
25%
runnin
25%
screamin
25%
spree
25%
swore
25%
thunder
25%
together
25%
tricks
25%
fix
20%
laughin
20%
seek
20%
spinnin
20%
revenge
15%
While
15%
No matching quizzes found
Score Distribution
Percent of People with Each Score
Percentile by Number Answered
Your Score History
You have not taken this quiz